Robotics research : the fourth international symposium /

Bibliographic Details
Corporate Authors: International Symposium on Robotics Research, National Science Foundation (U.S.), System Development Foundation (Palo Alto, Calif.)
Other Authors: Bolles, Robert C., Roth, Bernard
Format: Conference Proceeding Book
Language:English
Published: Cambridge, Mass. : MIT Press, [1988]
Series:MIT Press series in artificial intelligence.
Subjects:

MARC

Tag First Indicator Second Indicator Subfields
LEADER 00000cam a2200000 a 4500
001 in00000034072
005 20151007055203.0
008 880208s1988 maua b 10000 eng
010 |a  88000629  
020 |a 0262022729 :  |c $50.00 (est.) 
035 |a (OCoLC)17509492 
035 |9 AAB7510AM 
040 |a DLC  |c DLC  |d TXA  |d UtOrBLW 
049 |a TXAM  |c [A11073916] 
050 0 0 |a TJ210.3  |b .R636 1988 
082 0 |a 629.8/92  |2 19 
245 0 0 |a Robotics research :  |b the fourth international symposium /  |c edited by Robert C. Bolles and Bernard Roth. 
264 1 |a Cambridge, Mass. :  |b MIT Press,  |c [1988] 
264 4 |c ©1988 
300 |a xii, 520 pages :  |b illustrations ;  |c 29 cm. 
336 |a text  |b txt  |2 rdacontent 
337 |a unmediated  |b n  |2 rdamedia 
338 |a volume  |b nc  |2 rdacarrier 
490 1 |a The MIT Press series in artificial intelligence 
500 |a Papers of the Fourth International Symposium on Robotics Research, held at the University of California at Santa Cruz on Aug. 9-14, 1987; sponsored by the National Science Foundation and the System Development Foundation. 
504 |a Includes bibliographies 
650 0 |a Robotics  |x Research  |x Congresses. 
700 1 |a Bolles, Robert C. 
700 1 |a Roth, Bernard. 
711 2 |a International Symposium on Robotics Research  |n (4th :  |d 1987 :  |c University of California at Santa Cruz) 
710 2 |a National Science Foundation (U.S.) 
710 2 |a System Development Foundation (Palo Alto, Calif.) 
830 0 |a MIT Press series in artificial intelligence. 
999 |a MARS 
999 f f |s c91d59cd-134c-3c1f-accf-3f50cae17642  |i 50314039-41e0-323f-b2c1-4a0668d29aba  |t 0 
952 f f |p ric  |a Texas A&M University  |b Rellis Campus  |c Joint Library Facility  |d Remote Storage  |t 0  |e TJ210.3 .R636 1988  |h Library of Congress classification  |i unmediated -- volume  |m A14811073916 
998 f f |a TJ210.3 .R636 1988  |t 0  |l Remote Storage